The Feynman Lectures on Physics : The Electromagnetic Field (Record no. 18224)
[ view plain ]
| 000 -LEADER | |
|---|---|
| fixed length control field | 00413nam a2200145Ia 4500 |
| 008 - FIXED-LENGTH DATA ELEMENTS--GENERAL INFORMATION | |
| fixed length control field | 221030s9999 xx 000 0 und d |
| 041 ## - LANGUAGE CODE | |
| Language code of text/sound track or separate title | |
| 100 ## - MAIN ENTRY--AUTHOR NAME | |
| Personal name | R. P. Feynman |
| 245 #4 - TITLE STATEMENT | |
| Title | The Feynman Lectures on Physics : The Electromagnetic Field |
| Statement of responsibility, etc | by R. P. Feynman, R. B. Leighton |
| 260 ## - PUBLICATION, DISTRIBUTION, ETC. (IMPRINT) | |
| Name of publisher | Addison Wesley |
| Place of publication | London |
| Year of publication | 1969 |
| 300 ## - PHYSICAL DESCRIPTION | |
| Number of Pages | 41 |
| 650 ## - SUBJECT ADDED ENTRY--TOPICAL TERM | |
| Topical Term | BB Physics |
| 700 ## - ADDED ENTRY--PERSONAL NAME | |
| Personal name | R. B. Leighton |
| 942 ## - ADDED ENTRY ELEMENTS (KOHA) | |
| Koha item type | Books |
| Accession Number | Serial Enumeration / chronology | Source of acquisition | Price effective from | Koha item type | Withdrawn / writtenoff status | Materials specified (bound volume or other part) | Damaged status | Not for loan | Permanent Location | Current Location | Shelving location | Date acquired | Lost/ Missing status | department |
|---|---|---|---|---|---|---|---|---|---|---|---|---|---|---|
| BB 965 | 2 | Donated by Prof Mohinder Jain ( HOD Physics ) | 10/30/2022 | Books | MIET Library, Jammu | MIET Library, Jammu | BL-Academic Block B, FL-2, CUP-101, SH-3, R-3 | 05/21/2019 | BB |